000 00309nam a2200133Ia 4500
008 240624s9999 xx 000 0 und d
041 _aeng
082 _a658.155 IIB
100 _aIIBF
245 _aRISK MANAGEMENT
260 _c2007
_aNew Delhi
_bMacmillan
300 _a345 : p. : cm. ; 24
365 _cRS
_b30
999 _c9609
_d9609